| Поле | Инд. | ПП | Название | Значение |
|---|---|---|---|---|
| Тип записи | a | |||
| Библиографический уровень | b | |||
| 001 | Контрольный номер | zvzd09_no10_ss218_ad1 | ||
| 005 | Дата корректировки | 20140227183855.6 | ||
| 008 | Кодируемые данные | 110427s2009||||RU|||||||||||#||||# rus0| | ||
| 035 | a | Системный контрольный номер | RUMARS-zvzd09_no10_ss218_ad1 | |
| 2 | AR-MARS | |||
| 040 | a | Служба первич. каталог. | Научная библиотека Самарского государственного университета | |
| b | Код языка каталог. | rus | ||
| 041 | 1_ | a | Код языка текста | rus |
| h | Код языка оригинала | pol | ||
| 080 | a | Индекс УДК | 821(4/9).09 | |
| 084 | a | Индекс другой классификации/Индекс ББК | 83.3(0) | |
| v | Таблицы для массовых библиотек | |||
| 100 | 1_ | a | Автор | Униловский К. |
| q | Полное имя | Кшиштоф | ||
| 4 | Код отношения | 070 | ||
| 245 | 10 | a | Заглавие | Ангажированные и современные |
| h | Физич. носитель | [Текст] | ||
| c | Ответственность | К. Униловский ; пер. В. Виногоровой | ||
| 520 | a | Аннотация | Возможен ли кризис института литературы, не утрачена ли ее легитимность - об этом в статье. | |
| 650 | _4 | a | Основная рубрика | Литературоведение |
| 2 | Источник рубрики | AR-MARS | ||
| 650 | _4 | a | Основная рубрика | Мировая литература |
| 2 | Источник рубрики | AR-MARS | ||
| 653 | 1_ | a | Ключевые слова | современная литература |
| 653 | 1_ | a | Ключевые слова | социальная деградация |
| 653 | 1_ | a | Ключевые слова | кризисы |
| 653 | 1_ | a | Ключевые слова | престиж литературы |
| 653 | 1_ | a | Ключевые слова | творческий кризис |
| 700 | 1_ | a | Другие авторы | Виногорова В. |
| e | Роль лиц | Вторичная ответственность | ||
| q | Полное имя | Вера | ||
| 4 | Код отношения | 730 | ||
| 773 | x | ISSN | 0321-1878 | |
| t | Название источника | Звезда | ||
| d | Место и дата издания | 2009 | ||
| g | Прочая информация | N 10. - С. 218-225 | ||
| 801 | _0 | a | RU | |
| b | 44313098 | |||
| c | 20110427 | |||
| g | RCR | |||
| 801 | _1 | a | RU | |
| b | 44313098 | |||
| c | 20110427 | |||
| 801 | _2 | a | RU | |
| b | AR-MARS | |||
| c | 20110427 | |||
| g | RCR | |||
| 801 | _3 | a | RU | |
| b | AR-MARS | |||
| c | 20110427 | |||
| 856 | 4_ | u | URL | http://magazines.russ.ru/zvezda/2009/10/ksh29.html |
| 901 | t | Тип документа | b | |
| 903 | a | code | ||
| b | zvzd | |||
| d | 287 | |||
| 903 | a | year | ||
| b | 2009 | |||
| 903 | a | no | ||
| b | 10 | |||
| 903 | a | ss | ||
| b | 218 | |||
| 903 | a | ad | ||
| b | 1 | |||
| 911 | a | Критика |